[Event "At a Turtle's Pace"]
[Site "SchemingMind.com"]
[Date "2016.06.06"]
[Round "-"]
[White "tyler_ensor"]
[Black "emvarela"]
[Result "1/2-1/2"]
[WhiteCountry "CAN"]
[BlackCountry "ARG"]
[WhiteElo "1779"]
[WhiteRD "81"]
[BlackElo "1712"]
[BlackRD "55"]
[GameID "400058"]

1. d4 Nf6 2. c4 g6 3. Nc3 Bg7 4. e4 d6 5. f3 O-O 6. Be3 e5 7. d5 c5 8. g4 a6 9. Qd2 Nbd7 10. Bd3 Qe7
11. h4 Ne8 12. Nge2 Nc7 13. h5 Nf6 14. Ng3 Bd7 15. hxg6 fxg6 16. Bh6 Bxh6 17. Qxh6 Qg7 18. Qxg7+ Kxg7 19. O-O-O Rf7 20. g5 Ng8
21. Rdf1 Raf8 22. Be2 b5 23. b3 b4 24. Nb1=
1/2-1/2

[Event "At a Turtle's Pace"]
[Site "SchemingMind.com"]
[Date "2016.06.05"]
[Round "-"]
[White "emvarela"]
[Black "tyler_ensor"]
[Result "0-1"]
[WhiteCountry "ARG"]
[BlackCountry "CAN"]
[WhiteElo "1720"]
[WhiteRD "56"]
[BlackElo "1799"]
[BlackRD "71"]
[GameID "400059"]

1. e4 c5 2. Nf3 d6 3. d4 cxd4 4. Nxd4 Nf6 5. Nc3 a6 6. Bg5 e6 7. Qd3 Nbd7 8. b4 b5 9. Be2 Bb7 10. Bf3 Qc7
11. Bxf6 Nxf6 12. O-O Rc8 13. Nde2 Be7 14. a4 bxa4 15. Nxa4 Qxc2 16. Qxc2 Rxc2 17. Nac3 O-O 18. Rfc1 Rxc1+ 19. Rxc1 Rc8 20. g3 Nd7
21. Na4 Rxc1+ 22. Nxc1 f5 23. Nc3 fxe4 24. Bxe4 Bxe4 25. Nxe4 d5 26. Nc5 Nxc5 27. bxc5 Bxc5 28. Nb3 Bb6 29. Kf1 a5 30. Ke2 Kf7
31. f3 Ke7 32. Kd3 Kd6
0-1

[Event "At a Turtle's Pace"]
[Site "SchemingMind.com"]
[Date "2016.07.02"]
[Round "-"]
[White "tyler_ensor"]
[Black "Wojtek26"]
[Result "1-0"]
[WhiteCountry "CAN"]
[BlackCountry "POL"]
[WhiteElo "1921"]
[WhiteRD "76"]
[BlackElo "1571"]
[BlackRD "51"]
[GameID "401020"]

1. d4 d5 2. c4 dxc4 3. Nf3 e6 4. e3 Bb4+ 5. Bd2 Bxd2+ 6. Nbxd2 c3 7. bxc3 Nf6 8. c4 O-O 9. Bd3 b6 10. O-O Bb7
11. Ne5 Nbd7 12. f4 Nxe5 13. fxe5 Ne8 14. Qh5 Qe7 15. Qxh7#
1-0

[Event "At a Turtle's Pace"]
[Site "SchemingMind.com"]
[Date "2016.07.01"]
[Round "-"]
[White "Wojtek26"]
[Black "tyler_ensor"]
[Result "0-1"]
[WhiteCountry "POL"]
[BlackCountry "CAN"]
[WhiteElo "1585"]
[WhiteRD "53"]
[BlackElo "1799"]
[BlackRD "71"]
[GameID "401021"]

1. d4 Nf6 2. c4 e6 3. e3 b6 4. Nf3 Bb7 5. Be2 Be7 6. O-O O-O 7. a3 d6 8. b4 Nbd7 9. Bb2 Ne4 10. Nbd2 f5
11. Nxe4 Bxe4 12. Nd2 Bb7 13. Bf3 Bxf3 14. Qxf3 Qe8 15. Qg3 Bf6 16. Rab1 e5 17. Nf3 e4 18. Ng5 Qg6 19. Nh3 Qxg3 20. fxg3 g6
21. Nf4 Kf7 22. Nd5 Bd8 23. b5 Nf6 24. Nxf6 Bxf6 25. Rf2 Ke7 26. d5 Bxb2 27. Rbxb2 Kf6 28. a4 Ke5 29. Rb1 a6 30. h4 axb5
31. axb5 Ra3 32. Re2 Rfa8 33. Kf2 Rc3 34. Rb4 Raa3 35. Re1 Ra2+ 36. Re2 Rxe2+ 37. Kxe2 Rc2+ 38. Kf1 h6 39. Kg1 Kf6 40. Kf1 g5
41. hxg5+ Kxg5 42. Kg1 Kg4 43. Kh2 Rd2 44. Rb3 Rd3 45. Rb1 Rxe3 46. Rf1 Rxg3 47. Rxf5 e3 48. Rf8 Kh4 49. Rh8 h5 50. Re8 Rg4
51. Rxe3 Rxc4 52. Rh3+ Kg5 53. Rg3+ Kh6 54. Rd3 Rc5 55. Re3 Rxd5 56. Re7 Rc5 57. Re6+ Kg5 58. Re7 d5 59. Re5+ Kg6
0-1

[Event "At a Turtle's Pace"]
[Site "SchemingMind.com"]
[Date "2016.07.02"]
[Round "-"]
[White "emvarela"]
[Black "Wojtek26"]
[Result "1-0"]
[WhiteCountry "ARG"]
[BlackCountry "POL"]
[WhiteElo "1712"]
[WhiteRD "48"]
[BlackElo "1469"]
[BlackRD "44"]
[GameID "401022"]

1. e4 e5 2. Nf3 Nc6 3. d4 exd4 4. c3 dxc3 5. Bc4 Nf6 6. Nxc3 Bb4 7. Bd2 O-O 8. Qc2 Re8 9. O-O Bxc3 10. Bxc3 Nxe4
11. Bxg7 Kxg7 12. Rfe1 Nf6 13. Ng5 Rf8 14. Re3 d5 15. Rd1 d4 16. Rg3 Bg4 17. Nxh7
1-0

[Event "At a Turtle's Pace"]
[Site "SchemingMind.com"]
[Date "2016.07.01"]
[Round "-"]
[White "Wojtek26"]
[Black "emvarela"]
[Result "0-1"]
[WhiteCountry "POL"]
[BlackCountry "ARG"]
[WhiteElo "1469"]
[WhiteRD "44"]
[BlackElo "1712"]
[BlackRD "48"]
[GameID "401023"]

1. d4 Nf6 2. c4 g6 3. e3 Bg7 4. Nf3 d6 5. Be2 O-O 6. O-O c5 7. d5 e6 8. dxe6 Bxe6 9. Nc3 Nc6 10. Nb5 Ne8
11. Rb1 a6 12. Nc3 Bxc3 13. bxc3 Qc7 14. Qb3 b5 15. e4 bxc4 16. Qa4 Ne5 17. Nxe5 dxe5
0-1

[Event "At a Turtle's Pace"]
[Site "SchemingMind.com"]
[Date "2016.07.02"]
[Round "-"]
[White "tyler_ensor"]
[Black "finlaggan"]
[Result "0-1"]
[WhiteCountry "CAN"]
[BlackCountry "SCO"]
[WhiteElo "1752"]
[WhiteRD "73"]
[BlackElo "2119"]
[BlackRD "107"]
[GameID "401058"]

1. d4 d5 2. c4 e6 3. Nc3 Be7 4. Nf3 Nf6 5. Bf4 O-O 6. e3 c5 7. dxc5 Bxc5 8. a3 Nc6 9. Qc2 Qa5 10. O-O-O Be7
11. g4 dxc4 12. Bxc4 e5 13. g5 exf4 14. gxf6 Bxf6 15. Nd5 Ne7 16. Nxf6+ gxf6 17. Rhg1+ Kh8 18. Qe4 Ng6 19. Qd4 Qb6 20. Qxb6 axb6
21. Rd6 Bh3 22. Kb1 fxe3 23. fxe3 Rae8 24. Rxb6 Rxe3 25. Rxf6 Kg7 26. Rf4 f5 27. Nd4 Kh6 28. Rf3 Rxf3 29. Nxf3 Rd8 30. Ng5 Ne5
31. Rg3 Bg4 32. Nf7+ Nxf7 33. Bxf7 Kg5 34. Kc2 f4 35. Rg1 Kh4 36. Bc4 f3 37. Bd3 f2 38. Rf1 Rf8 39. Ra1 Bh3 40. Bf1 Bxf1
41. Rxf1 Kh3
0-1

[Event "At a Turtle's Pace"]
[Site "SchemingMind.com"]
[Date "2016.07.02"]
[Round "-"]
[White "finlaggan"]
[Black "tyler_ensor"]
[Result "1-0"]
[WhiteCountry "SCO"]
[BlackCountry "CAN"]
[WhiteElo "2144"]
[WhiteRD "95"]
[BlackElo "1907"]
[BlackRD "79"]
[GameID "401059"]

1. d4 Nf6 2. c4 e6 3. Nf3 d5 4. Nc3 Be7 5. Bg5 O-O 6. e3 h6 7. Bh4 b6 8. Bd3 dxc4 9. Bxc4 Bb7 10. Bg3 a6
11. a4 Nbd7 12. O-O c5 13. Qe2 cxd4 14. exd4 Bb4 15. Rac1 Bxc3 16. bxc3 Ne4 17. Bd3 Nxg3 18. hxg3 Qc7 19. Rfe1 Rfd8 20. Qb2 Rac8
21. Qb4 Nf6 22. Rc2 Nd5 23. Qb3 Rd6 24. Ne5 Ne7 25. Rb1 Nd5 26. a5 b5 27. c4 bxc4 28. Qxb7
1-0

[Event "At a Turtle's Pace"]
[Site "SchemingMind.com"]
[Date "2016.07.03"]
[Round "-"]
[White "finlaggan"]
[Black "emvarela"]
[Result "1-0"]
[WhiteCountry "SCO"]
[BlackCountry "ARG"]
[WhiteElo "2115"]
[WhiteRD "97"]
[BlackElo "1728"]
[BlackRD "49"]
[GameID "401060"]

1. d4 Nf6 2. c4 g6 3. Nc3 Bg7 4. e4 d6 5. f3 O-O 6. Be3 Nc6 7. Nge2 a6 8. Qd2 Re8 9. h4 e6 10. g4 d5
11. cxd5 exd5 12. e5 Nd7 13. Nxd5 Nf8 14. Ndc3 Bxe5 15. dxe5 Qxd2+ 16. Bxd2 Nxe5 17. Kf2 c6 18. Ng3 Be6 19. Nge4 Bc4 20. Nf6+ Kg7
21. Nxe8+ Rxe8 22. Bf4 Bxf1 23. Bxe5+ Rxe5 24. Rhxf1 Ne6 25. Rfe1 Rxe1 26. Rxe1
1-0

[Event "At a Turtle's Pace"]
[Site "SchemingMind.com"]
[Date "2016.07.03"]
[Round "-"]
[White "emvarela"]
[Black "finlaggan"]
[Result "0-1"]
[WhiteCountry "ARG"]
[BlackCountry "SCO"]
[WhiteElo "1712"]
[WhiteRD "48"]
[BlackElo "2144"]
[BlackRD "95"]
[GameID "401061"]

1. e4 c5 2. Nf3 e6 3. d4 cxd4 4. c3 dxc3 5. Nxc3 Nc6 6. Be2 a6 7. O-O Nf6 8. Bg5 d6 9. a3 Be7 10. Bxf6 Bxf6
11. Qc2 O-O 12. Rac1 Ne5 13. Nxe5 Bxe5 14. Rfd1 Bd7 15. Qd2 Qb6 16. Kh1 Qxf2 17. Rf1 Qh4
0-1

[Event "At a Turtle's Pace"]
[Site "SchemingMind.com"]
[Date "2016.07.03"]
[Round "-"]
[White "finlaggan"]
[Black "Wojtek26"]
[Result "1-0"]
[WhiteCountry "SCO"]
[BlackCountry "POL"]
[WhiteElo "2025"]
[WhiteRD "113"]
[BlackElo "1588"]
[BlackRD "51"]
[GameID "401062"]

1. d4 d5 2. c4 dxc4 3. Nf3 e6 4. e3 Nf6 5. Bxc4 Bb4+ 6. Nc3 O-O 7. O-O Nc6 8. a3 Bxc3 9. bxc3 Ne4 10. Qc2 Nf6
11. e4 Re8 12. e5 Nd5 13. Ng5 g6 14. Ne4 f5 15. exf6 Rf8 16. Bg5 Rf7 17. Rfe1 Na5 18. Ba2 Nxf6 19. Qa4 Nc6 20. d5 exd5
21. Nxf6+ Rxf6 22. Qh4 Kg7 23. Qh6+ Kf7 24. Qxh7+ Kf8 25. Bh6#
1-0

[Event "At a Turtle's Pace"]
[Site "SchemingMind.com"]
[Date "2016.07.03"]
[Round "-"]
[White "Wojtek26"]
[Black "finlaggan"]
[Result "0-1"]
[WhiteCountry "POL"]
[BlackCountry "SCO"]
[WhiteElo "1588"]
[WhiteRD "51"]
[BlackElo "2025"]
[BlackRD "113"]
[GameID "401063"]

1. d4 d5 2. c4 e6 3. e3 Nf6 4. Nf3 Be7 5. Be2 O-O 6. O-O c5 7. cxd5 exd5 8. Nc3 Nc6 9. a3 Be6 10. h3 c4
11. b3 Ne4 12. Nxe4 dxe4 13. Nd2 cxb3 14. Nxb3 Qd5 15. Nc5 Bxc5 16. dxc5 Qg5 17. Bg4 Rfd8 18. Qe2 f5 19. h4 Qxg4 20. Qxg4 fxg4
0-1

[Event "At a Turtle's Pace"]
[Site "SchemingMind.com"]
[Date "2016.07.10"]
[Round "-"]
[White "tyler_ensor"]
[Black "flyinduck"]
[Result "0-1"]
[WhiteCountry "CAN"]
[BlackCountry "CAN"]
[WhiteElo "1852"]
[WhiteRD "77"]
[BlackElo "2053"]
[BlackRD "55"]
[GameID "401235"]

1. d4 Nf6 2. c4 e6 3. Nc3 Bb4 4. e3 b6 5. Ne2 Ba6 6. a3 Be7 7. Nf4 d5 8. cxd5 Bxf1 9. dxe6 Ba6 10. exf7+ Kxf7
11. Qb3+ Ke8 12. e4 c5 13. e5 Ng4 14. Ne6 Qd7 15. Nxg7+ Kd8 16. e6 Qxd4 17. Be3 Nxe3 18. fxe3 Qxe3+ 19. Kd1 Be2+
0-1

[Event "At a Turtle's Pace"]
[Site "SchemingMind.com"]
[Date "2016.07.09"]
[Round "-"]
[White "flyinduck"]
[Black "tyler_ensor"]
[Result "1/2-1/2"]
[WhiteCountry "CAN"]
[BlackCountry "CAN"]
[WhiteElo "2043"]
[WhiteRD "60"]
[BlackElo "1799"]
[BlackRD "71"]
[GameID "401236"]

1. d4 Nf6 2. Bg5 c6 3. Bxf6 exf6 4. e3 d5 5. g3 Bd6 6. Bg2 f5 7. Ne2 Nd7 8. Nd2 Nf6 9. c4 dxc4 10. Nxc4 Bc7
11. Nf4 Bxf4 12. gxf4 Be6 13. Rc1 Nd5 14. O-O O-O 15. a3 Re8 16. Ne5 f6 17. Nd3 Nb6 18. Nc5 Bc8 19. b4 Nd7 20. Qb3+ Kh8
21. Ne6 Qb6 22. Nc5 Nxc5 23. Rxc5 Be6 24. Qc3 a6 25. Bh3 Rad8 26. Rc1 Re7 27. Bxf5 Bxf5 28. Rxf5 Red7 29. Rc5 Rd5 30. Qc2 Rxc5
31. dxc5 Qc7 32. Rd1 Qe7 33. Rd3=
1/2-1/2

[Event "At a Turtle's Pace"]
[Site "SchemingMind.com"]
[Date "2016.07.09"]
[Round "-"]
[White "finlaggan"]
[Black "flyinduck"]
[Result "1-0"]
[WhiteCountry "SCO"]
[BlackCountry "CAN"]
[WhiteElo "2144"]
[WhiteRD "95"]
[BlackElo "2052"]
[BlackRD "58"]
[GameID "401237"]

1. d4 Nf6 2. Nf3 e6 3. c4 Bb4+ 4. Bd2 Qe7 5. g3 O-O 6. Bg2 Nc6 7. Nc3 Bxc3 8. Bxc3 Ne4 9. Rc1 d6 10. d5 Nxc3
11. Rxc3 Nb8 12. O-O e5 13. Nd2 a5 14. f4 exf4 15. Rxf4 Nd7 16. Nb3 Ne5 17. Nd4 Bd7 18. Re3 b6 19. Qc2 Rae8 20. Rc3 f5
21. Nxf5 Bxf5 22. Rxf5 Rxf5 23. Qxf5 Rf8 24. Qe6+ Qxe6 25. dxe6 Rf6 26. Ra3 Kf8 27. b4 axb4 28. Ra8+ Ke7 29. Ra7 Rxe6 30. Bd5 Rf6
31. Rxc7+ Kf8 32. Rb7 Ng4 33. Rxb6 Ne3 34. Bf3 Nxc4 35. Rxb4 Nd2 36. Bd5 Rf1+ 37. Kg2 Ra1 38. Rd4 Nf1 39. Rf4+
1-0

[Event "At a Turtle's Pace"]
[Site "SchemingMind.com"]
[Date "2016.07.08"]
[Round "-"]
[White "flyinduck"]
[Black "finlaggan"]
[Result "0-1"]
[WhiteCountry "CAN"]
[BlackCountry "SCO"]
[WhiteElo "2052"]
[WhiteRD "58"]
[BlackElo "2144"]
[BlackRD "95"]
[GameID "401238"]

1. d4 d5 2. Bg5 Nf6 3. Bxf6 exf6 4. e3 Bd6 5. Bd3 O-O 6. Ne2 c6 7. Ng3 Qb6 8. Qc1 Na6 9. a3 c5 10. c3 g6
11. Nd2 Re8 12. O-O Bd7 13. Re1 Rac8 14. Ndf1 cxd4 15. exd4 Rxe1 16. Qxe1 Qxb2 17. Ne2 Nc7 18. Rb1 Qxa3 19. Rxb7 Qa5 20. Ne3 f5
21. g3 Bc6 22. Rb1 Ne6 23. Ra1 Qc7 24. Qb1 f4 25. Nf1 f3 26. Nc1 Ng5 27. Nd2 a5 28. Ncb3 Rb8 29. Qd1 a4 30. Nc5 Bxc5
31. dxc5 Qa5 32. Nxf3 Nxf3+ 33. Qxf3 Qxc3 34. Ra2 Rb3
0-1

[Event "At a Turtle's Pace"]
[Site "SchemingMind.com"]
[Date "2016.07.10"]
[Round "-"]
[White "emvarela"]
[Black "flyinduck"]
[Result "0-1"]
[WhiteCountry "ARG"]
[BlackCountry "CAN"]
[WhiteElo "1720"]
[WhiteRD "56"]
[BlackElo "2043"]
[BlackRD "60"]
[GameID "401239"]

1. e4 c5 2. Nf3 Nc6 3. d4 cxd4 4. Nxd4 e6 5. Nc3 Qc7 6. Nxc6 bxc6 7. Bd3 Nf6 8. O-O d5 9. exd5 cxd5 10. Qf3 Bd6
11. Ne2 Bb7 12. Bf4 O-O 13. Bxd6 Qxd6 14. a3 e5 15. Qg3 Rad8 16. c3 Rfe8 17. Rad1 Qb6 18. b4 h6 19. a4 a6 20. Rfe1 Kf8
21. a5 Qd6 22. Bc2 g6 23. f4 Nh5 24. Qf2 Nxf4 25. Nxf4 exf4 26. Qd4 Kg8 27. Ba4 Re6 28. Rxe6 Qxe6 29. Qxf4 d4 30. Bc2 Qc6
31. Qd2 Rc8 32. Qe2 Re8 33. Qf2 dxc3 34. Rf1 Qe6 35. Qg3 Qe3+ 36. Qxe3 Rxe3 37. Bb3 Re7 38. h3 Kg7 39. Rf2 f5 40. g4 Be4
41. gxf5 Bxf5 42. Kg2 Rb7 43. Bc2 Rxb4 44. Bxf5 gxf5 45. Kf3 Kf6 46. Rc2 Rc4 47. Kg3 Ke5 48. Kf3 Kd4
0-1

[Event "At a Turtle's Pace"]
[Site "SchemingMind.com"]
[Date "2016.07.09"]
[Round "-"]
[White "flyinduck"]
[Black "emvarela"]
[Result "1-0"]
[WhiteCountry "CAN"]
[BlackCountry "ARG"]
[WhiteElo "2021"]
[WhiteRD "57"]
[BlackElo "1710"]
[BlackRD "54"]
[GameID "401240"]

1. d4 Nf6 2. Bg5 e6 3. e4 h6 4. Bxf6 Qxf6 5. Nf3 d6 6. Nc3 Nd7 7. Be2 Be7 8. Qd2 c6 9. O-O-O O-O 10. h4 e5
11. Kb1 exd4 12. Nxd4 Nb6 13. f3 Be6 14. g4 Qg6 15. Nf5 Bxf5 16. gxf5 Qf6 17. Rdg1 d5 18. Rg4 Bb4 19. Rhg1 Bxc3 20. bxc3 dxe4
21. fxe4 Rad8 22. Qf4 Na4 23. Rxg7+ Qxg7 24. Rxg7+ Kxg7 25. f6+ Kh7 26. Bg4 Nxc3+ 27. Kb2 Nb5 28. Bf5+
1-0

[Event "At a Turtle's Pace"]
[Site "SchemingMind.com"]
[Date "2016.07.08"]
[Round "-"]
[White "flyinduck"]
[Black "Wojtek26"]
[Result "1-0"]
[WhiteCountry "CAN"]
[BlackCountry "POL"]
[WhiteElo "2080"]
[WhiteRD "57"]
[BlackElo "1571"]
[BlackRD "51"]
[GameID "401241"]

1. d4 d5 2. Bg5 h6 3. Bh4 Nf6 4. Bxf6 exf6 5. e3 Bd6 6. g3 O-O 7. Bg2 c6 8. Ne2 Bg4 9. Nbc3 Nd7 10. O-O Qa5
11. h3 Bh5 12. a3 Rae8 13. Qd2 Qa6 14. Nf4 Bxf4 15. gxf4 g5 16. f5 Nb6 17. b3 Nd7 18. Rfe1 g4 19. e4 gxh3 20. Qxh6 hxg2
21. Qxh5 dxe4 22. Re3
1-0

[Event "At a Turtle's Pace"]
[Site "SchemingMind.com"]
[Date "2016.07.08"]
[Round "-"]
[White "Wojtek26"]
[Black "flyinduck"]
[Result "0-1"]
[WhiteCountry "POL"]
[BlackCountry "CAN"]
[WhiteElo "1571"]
[WhiteRD "51"]
[BlackElo "2080"]
[BlackRD "57"]
[GameID "401242"]

1. d4 Nf6 2. c4 e6 3. Nf3 Bb4+ 4. Bd2 Qe7 5. a3 Bxd2+ 6. Nbxd2 d6 7. e3 O-O 8. Bd3 e5 9. dxe5 dxe5 10. Be4 Nxe4
11. Nxe4 Nc6 12. O-O Bg4 13. h3 Rad8 14. Qe2 Bh5 15. Rfd1 f5 16. Nc3 e4 17. Nd5 Qf7 18. Nf4 exf3 19. gxf3 Ne5 20. Nxh5 Qxh5
21. Rxd8 Rxd8
0-1

[Event "At a Turtle's Pace"]
[Site "SchemingMind.com"]
[Date "2016.07.11"]
[Round "-"]
[White "tyler_ensor"]
[Black "greghghs"]
[Result "0-1"]
[WhiteCountry "CAN"]
[BlackCountry "ENG"]
[WhiteElo "1779"]
[WhiteRD "81"]
[BlackElo "2176"]
[BlackRD "60"]
[GameID "401376"]

1. d4 Nf6 2. c4 g6 3. Nc3 d5 4. Bf4 Bg7 5. e3 c5 6. dxc5 Qa5 7. Rc1 dxc4 8. Bxc4 O-O 9. Nf3 Qxc5 10. Bb3 Qa5
11. O-O Na6 12. Ng5 h6 13. Nxf7 Rxf7 14. Bxf7+ Kxf7 15. Qb3+ Kf8 16. Rfd1 Nc5 17. Qc2 Bf5 18. Qd2 Nd3 19. e4 Bxe4 20. Nxe4 Qxd2
21. Rxd2 Nxc1 22. Nxf6 exf6 23. a3 b6 24. Kf1 Nb3
0-1

[Event "At a Turtle's Pace"]
[Site "SchemingMind.com"]
[Date "2016.07.13"]
[Round "-"]
[White "greghghs"]
[Black "tyler_ensor"]
[Result "1-0"]
[WhiteCountry "ENG"]
[BlackCountry "CAN"]
[WhiteElo "2235"]
[WhiteRD "60"]
[BlackElo "1752"]
[BlackRD "73"]
[GameID "401377"]

1. e4 c6 2. d4 d5 3. Nc3 dxe4 4. Nxe4 Bf5 5. Nc5 b6 6. Nb3 Nf6 7. Nf3 e6 8. g3 Bd6 9. Bg2 O-O 10. Qe2 Qc7
11. Ne5 Nd5 12. a3 Nd7 13. c4 Ne7 14. Nxd7 Qxd7 15. O-O Rac8 16. Be3 Kh8 17. Rfd1 Ng8 18. Nc5 Qc7 19. Ne4 Be7 20. Bf4 Qd7
21. b4 Nf6 22. Nxf6 Bxf6 23. c5 Qb7 24. b5 bxc5 25. bxc6 Qb6 26. dxc5 Qxc5 27. Rac1 Qa5 28. g4 Bg6 29. c7 Qxa3 30. Bd6
1-0

[Event "At a Turtle's Pace"]
[Site "SchemingMind.com"]
[Date "2016.07.11"]
[Round "-"]
[White "finlaggan"]
[Black "greghghs"]
[Result "1/2-1/2"]
[WhiteCountry "SCO"]
[BlackCountry "ENG"]
[WhiteElo "2109"]
[WhiteRD "99"]
[BlackElo "2068"]
[BlackRD "82"]
[GameID "401378"]

1. d4 Nf6 2. c4 g6 3. Nc3 d5 4. cxd5 Nxd5 5. e4 Nxc3 6. bxc3 Bg7 7. Be3 c5 8. Qd2 Qa5 9. Rc1 Nd7 10. Nf3 O-O
11. Bd3 b6 12. O-O Ba6 13. Bxa6 Qxa6 14. Rfe1 Rfd8 15. d5 b5 16. Rb1 Rac8 17. Bg5 f6 18. Bh4 Nb6 19. Qb2 Na4 20. Qxb5 Qxb5
21. Rxb5 Nxc3 22. Rb7 a6 23. Rxe7 Nxa2 24. Ra7 Nb4 25. Rc1 Kf8 26. Bg3 Nd3 27. Rc3 f5 28. Rxd3 fxe4 29. Rd1 exf3 30. Bh4 Ra8
31. Rb7 Re8 32. d6 Bd4 33. d7 Red8 34. Rd3 fxg2 35. Bxd8 Rxd8 36. Ra7 Ke7 37. Kxg2 Rxd7 38. Rxa6 Kf7 39. Ra4 Rb7 40. Rd2 Ke6
41. Raxd4 cxd4=
1/2-1/2

[Event "At a Turtle's Pace"]
[Site "SchemingMind.com"]
[Date "2016.07.11"]
[Round "-"]
[White "greghghs"]
[Black "finlaggan"]
[Result "1-0"]
[WhiteCountry "ENG"]
[BlackCountry "SCO"]
[WhiteElo "2026"]
[WhiteRD "89"]
[BlackElo "2115"]
[BlackRD "97"]
[GameID "401379"]

1. e4 c5 2. Nc3 Nc6 3. f4 g6 4. Nf3 Bg7 5. Bc4 d6 6. O-O e6 7. f5 Nge7 8. fxe6 fxe6 9. Ng5 d5 10. Nf7 Qd7
11. Nxh8 dxc4 12. Nf7 a6 13. Kh1 b5 14. d3 cxd3 15. cxd3 Bb7 16. Bh6 Bxh6 17. Nxh6 Ne5 18. Ng4 Qd6 19. Nf6+ Kd8 20. a4 b4
21. Ne2 N7c6 22. Rc1 Ke7 23. Qd2 Nxd3 24. Nd5+ exd5 25. Qxd3 Rf8 26. Qh3 Rxf1+ 27. Rxf1 h5 28. exd5 Qxd5 29. Qg3 Kd7 30. Qxg6 Ne7
31. Qg7 Bc6 32. Nf4
1-0

[Event "At a Turtle's Pace"]
[Site "SchemingMind.com"]
[Date "2016.07.11"]
[Round "-"]
[White "emvarela"]
[Black "greghghs"]
[Result "0-1"]
[WhiteCountry "ARG"]
[BlackCountry "ENG"]
[WhiteElo "1719"]
[WhiteRD "51"]
[BlackElo "2068"]
[BlackRD "82"]
[GameID "401380"]

1. e4 e5 2. Nf3 Nc6 3. Bb5 a6 4. Bxc6 dxc6 5. O-O f6 6. d4 Bg4 7. c3 Qe7 8. h3 Bh5 9. g4 Bf7 10. dxe5 fxe5
11. Qe2 Nf6 12. Bg5 h5 13. Nh2 hxg4 14. Bxf6 gxf6 15. hxg4 Be6 16. Kg2 Qh7 17. Rh1 O-O-O 18. Qf3 Bc5 19. Nd2 Rxd2
0-1

[Event "At a Turtle's Pace"]
[Site "SchemingMind.com"]
[Date "2016.07.15"]
[Round "-"]
[White "greghghs"]
[Black "emvarela"]
[Result "1-0"]
[WhiteCountry "ENG"]
[BlackCountry "ARG"]
[WhiteElo "2068"]
[WhiteRD "82"]
[BlackElo "1719"]
[BlackRD "51"]
[GameID "401381"]

1. e4 e5 2. Nf3 Nc6 3. Bc4 Bc5 4. c3 d6 5. O-O Bg4 6. d3 Nf6 7. h3 Bxf3 8. Qxf3 a6 9. a4 h6 10. b4 Ba7
11. Na3 Qe7 12. Be3 Bxe3 13. fxe3 O-O 14. Nc2 Na7 15. b5 a5 16. Rf2 c6 17. Raf1 cxb5 18. axb5 b6 19. Qg3 Kh7 20. Qh4 g5
21. Qg3
1-0

[Event "At a Turtle's Pace"]
[Site "SchemingMind.com"]
[Date "2016.07.13"]
[Round "-"]
[White "greghghs"]
[Black "flyinduck"]
[Result "1-0"]
[WhiteCountry "ENG"]
[BlackCountry "CAN"]
[WhiteElo "2068"]
[WhiteRD "82"]
[BlackElo "2033"]
[BlackRD "56"]
[GameID "401382"]

1. e4 c5 2. Nc3 Nc6 3. f4 g6 4. Nf3 Bg7 5. Bc4 e6 6. f5 Nge7 7. fxe6 fxe6 8. O-O d5 9. Bb5 O-O 10. Bxc6 Nxc6
11. d3 Nd4 12. Nd2 b5 13. Rxf8+ Bxf8 14. Ne2 Nc6 15. c3 Ba6 16. Nf4 Qd6 17. Qg4 Bc8 18. Nxg6 Bg7 19. Nh4 Ne5 20. Qg3 Qb6
21. Ndf3 Nxd3 22. Bh6 Qb7 23. exd5 exd5 24. Qg5 Be6 25. Bxg7 Qxg7 26. Qe3
1-0

[Event "At a Turtle's Pace"]
[Site "SchemingMind.com"]
[Date "2016.07.15"]
[Round "-"]
[White "flyinduck"]
[Black "greghghs"]
[Result "1/2-1/2"]
[WhiteCountry "CAN"]
[BlackCountry "ENG"]
[WhiteElo "2033"]
[WhiteRD "56"]
[BlackElo "2068"]
[BlackRD "82"]
[GameID "401383"]

1. d4 Nf6 2. Bg5 Ne4 3. Bf4 c5 4. f3 Qa5+ 5. c3 Nf6 6. d5 Qb6 7. Bc1 g6 8. e4 d6 9. c4 Bg7 10. Bd3 Na6
11. Nc3 O-O 12. Nge2 e6 13. O-O exd5 14. exd5 Bd7 15. a3 Rfe8 16. Rb1 Nc7 17. Bg5 Nfxd5 18. cxd5 c4+ 19. Kh1 cxd3 20. Qxd3 Bb5
21. Qd2 Bxc3 22. Nxc3 Bxf1 23. Rxf1 f5 24. h4 Nb5 25. Bf6 Nxc3 26. Qh6 Qc7 27. Bxc3 Qe7 28. Re1 Qf8 29. Rxe8 Rxe8 30. Qf4 Qe7=
1/2-1/2

[Event "At a Turtle's Pace"]
[Site "SchemingMind.com"]
[Date "2016.07.11"]
[Round "-"]
[White "greghghs"]
[Black "Wojtek26"]
[Result "1-0"]
[WhiteCountry "ENG"]
[BlackCountry "POL"]
[WhiteElo "2026"]
[WhiteRD "89"]
[BlackElo "1501"]
[BlackRD "46"]
[GameID "401384"]

1. e4 e5 2. Nf3 Nc6 3. Bc4 Nf6 4. Ng5 d5 5. exd5 Nxd5 6. d4 Be7 7. Nxf7 Kxf7 8. Qf3+ Ke6 9. Nc3 Nb4 10. Qe2 c6
11. a3 Na6 12. Qxe5+ Kf7 13. Nxd5 cxd5 14. Bxd5+ Ke8 15. Qxg7 Rf8 16. Be4 Bf6 17. Qxh7 Qe7 18. Qxe7+ Bxe7 19. h4 Rh8 20. h5 Rb8
21. Bf4 Ra8 22. Be5 Rf8 23. h6 Bf6 24. Bxf6
1-0

[Event "At a Turtle's Pace"]
[Site "SchemingMind.com"]
[Date "2016.07.11"]
[Round "-"]
[White "Wojtek26"]
[Black "greghghs"]
[Result "0-1"]
[WhiteCountry "POL"]
[BlackCountry "ENG"]
[WhiteElo "1469"]
[WhiteRD "44"]
[BlackElo "1985"]
[BlackRD "88"]
[GameID "401385"]

1. d4 Nf6 2. c4 g6 3. e3 Bg7 4. Nf3 O-O 5. Be2 c5 6. dxc5 Na6 7. O-O Nxc5 8. Nc3 b6 9. Rb1 Bb7 10. b4 Nfe4
11. bxc5 Nxc3 12. Qb3 Nxe2+ 13. Kh1 Nc3 14. Bd2 Nxb1 15. Rxb1 Bxf3 16. gxf3 bxc5 17. Bc3 Rb8
0-1

[Event "At a Turtle's Pace"]
[Site "SchemingMind.com"]
[Date "2016.07.15"]
[Round "-"]
[White "tyler_ensor"]
[Black "Diadoco"]
[Result "1/2-1/2"]
[WhiteCountry "CAN"]
[BlackCountry "MEX"]
[WhiteElo "1852"]
[WhiteRD "77"]
[BlackElo "2003"]
[BlackRD "83"]
[GameID "401457"]

1. d4 d5 2. c4 c6 3. cxd5 cxd5 4. Nc3 Nf6 5. Bf4 Nc6 6. e3 a6 7. Rc1 Bf5 8. Nf3 Rc8 9. Be2 e6 10. O-O Bd6
11. Bxd6 Qxd6 12. Na4 Ne4 13. Nc5 Nxc5 14. Rxc5 O-O 15. Qd2 b6 16. Rc3 b5 17. Rfc1 Ne7 18. Rxc8 Rxc8 19. Rxc8+ Nxc8 20. Qc3 Nb6
21. Qc5 Qd8 22. Ne5 Nd7 23. Nxd7 Qxd7 24. a4 bxa4 25. Bxa6 g5 26. Bb5 Qb7 27. g3 Kg7 28. Kg2=
1/2-1/2

[Event "At a Turtle's Pace"]
[Site "SchemingMind.com"]
[Date "2016.07.14"]
[Round "-"]
[White "Diadoco"]
[Black "tyler_ensor"]
[Result "1-0"]
[WhiteCountry "MEX"]
[BlackCountry "CAN"]
[WhiteElo "2002"]
[WhiteRD "88"]
[BlackElo "1907"]
[BlackRD "79"]
[GameID "401458"]

1. e4 d5 2. exd5 Qxd5 3. Nc3 Qa5 4. Bc4 Nf6 5. d3 c6 6. Bd2 Qc7 7. Qe2 Bf5 8. h3 Nbd7 9. g4 Bg6 10. f4 h6
11. O-O-O Nb6 12. Bb3 e6 13. f5 Bh7 14. fxe6 fxe6 15. Bxe6 Be7 16. Nf3 Bg8 17. Rde1 Bxe6 18. Qxe6 Nbd5 19. Ne5 Rf8 20. Ng6 Rf7
21. Rhf1 Rd8 22. Ne4 a6 23. g5 hxg5 24. Nxg5
1-0